250 biggest cities in Italy - Extreme! - Statistics

General Stats
  • This quiz has been taken 2,212 times
  • The average score is 104 of 250
Answer Stats
Population Region (in Italian) City / town (in Italian or English) % Correct
2.856.133 Lazio Roma
98%
1.378.689 Lombardia Milano
97%
959.188 Campania Napoli
97%
260.520 Veneto Venezia
96%
378.839 Toscana Firenze
95%
663.401 Sicilia Palermo
95%
875.698 Piemonte Torino
95%
578.000 Liguria Genova
94%
320.862 Puglia Bari
93%
390.636 Emilia-Romagna Bologna
93%
257.993 Veneto Verona
91%
311.584 Sicilia Catania
90%
204.267 Friuli-Venezia-Giulia Trieste
88%
88.880 Toscana Pisa
87%
196.518 Emilia-Romagna Parma
86%
232.555 Sicilia Messina
85%
154.267 Sardegna Cagliari
84%
210.912 Veneto Padova
84%
198.536 Lombardia Brescia
82%
186.307 Emilia-Romagna Modena
82%
121.639 Lombardia Bergamo
81%
95.269 Puglia Lecce
81%
196.702 Puglia Taranto
81%
150.576 Emilia-Romagna Rimini
80%
82.522 Lombardia Como
79%
133.364 Campania Salerno
79%
121.171 Sicilia Siracusa
79%
118.288 Trentino-Alto Adige/Südtirol Trento
79%
157.783 Toscana Livorno
78%
165.956 Umbria Perugia
78%
180.369 Calabria Reggio Calabria
78%
99.377 Friuli-Venezia-Giulia Udine
78%
157.663 Emilia-Romagna Ravenna
77%
101.043 Marche Ancona
76%
107.739 Trentino-Alto Adige/Südtirol Bolzano
76%
119.297 Abruzzo Pescara
76%
151.203 Puglia Foggia
75%
171.999 Emilia-Romagna Reggio Emilia
75%
123.397 Lombardia Monza
74%
194.590 Toscana Prato
74%
132.052 Emilia-Romagna Ferrara
73%
93.229 Liguria La Spezia
73%
126.870 Sardegna Sassari
73%
53.937 Toscana Siena
73%
110.790 Veneto Vicenza
73%
86.812 Puglia Brindisi
71%
88.824 Toscana Lucca
71%
103.942 Emilia-Romagna Piacenza
70%
89.065 Calabria Catanzaro
69%
93.631 Piemonte Alessandria
68%
117.798 Emilia-Romagna Forlì
68%
126.746 Lazio Latina
68%
69.478 Abruzzo L'Aquila
67%
104.279 Piemonte Novara
67%
84.999 Veneto Treviso
67%
99.179 Toscana Arezzo
66%
72.680 Lombardia Cremona
65%
76.026 Piemonte Asti
64%
67.531 Sicilia Trapani
64%
110.749 Umbria Terni
63%
80.559 Lombardia Varese
63%
75.430 Campania Caserta
62%
67.270 Calabria Cosenza
62%
82.353 Toscana Grosseto
62%
90.358 Toscana Pistoia
62%
97.210 Emilia-Romagna Cesena
61%
64.710 Calabria Crotone
61%
73.086 Lombardia Pavia
61%
66.769 Basilicata Potenza
61%
73.373 Sicilia Ragusa
61%
94.564 Puglia Barletta
59%
59.200 Campania Benevento
59%
94.969 Marche Pesaro
59%
67.681 Lazio Viterbo
59%
69.798 Emilia-Romagna Imola
58%
68.889 Toscana Massa
58%
58.956 Sicilia Agrigento
57%
54.027 Campania Avellino
57%
60.404 Basilicata Matera
57%
60.442 Liguria Savona
56%
99.671 Puglia Andria
55%
80.470 Lazio Fiumicino
55%
60.731 Sardegna Olbia
55%
54.598 Liguria Sanremo
55%
46.054 Lazio Frosinone
54%
82.640 Sicilia Marsala
54%
48.333 Lombardia Lecco
53%
49.049 Molise Campobasso
52%
71.836 Emilia-Romagna Carpi
51%
49.403 Lombardia Mantova
51%
62.285 Toscana Carrara
50%
56.144 Piemonte Cuneo
50%
55.851 Puglia Trani
50%
61.064 Sicilia Caltanissetta
48%
47.149 Lazio Rieti
48%
50.646 Abruzzo Chieti
47%
73.854 Sicilia Gela
46%
51.367 Friuli-Venezia-Giulia Pordenone
45%
51.104 Veneto Rovigo
45%
40.918 Emilia-Romagna Sassuolo
45%
48.795 Toscana Empoli
44%
123.490 Campania Giugliano in Campania
44%
80.851 Campania Pozzuoli
44%
54.343 Abruzzo Teramo
44%
84.672 Campania Torre del Greco
44%
52.716 Lazio Civitavecchia
43%
42.450 Liguria Imperia
43%
45.872 Lombardia Lodi
43%
60.872 Marche Fano
42%
81.393 Lombardia Sesto San Giovanni
42%
56.472 Lazio Tivoli
42%
46.035 Piemonte Vercelli
42%
62.056 Toscana Viareggio
42%
35.833 Veneto Belluno
40%
83.628 Lombardia Busto Arsizio
40%
58.755 Emilia-Romagna Faenza
40%
50.602 Lombardia Rho
40%
64.443 Campania Afragola
39%
70.667 Puglia Altamura
39%
56.738 Puglia Manfredonia
39%
70.598 Calabria Lamezia Terme
38%
36.154 Sardegna Nuoro
38%
64.040 Sicilia Vittoria
38%
74.660 Lazio Aprilia
37%
43.987 Piemonte Biella
37%
41.514 Marche Macerata
37%
55.101 Lazio Anzio
35%
52.608 Campania Aversa
35%
52.374 Campania Ercolano
35%
63.792 Lazio Pomezia
34%
70.531 Sardegna Quartu Sant'Elena
34%
63.426 Lombardia Vigevano
34%
48.169 Marche Ascoli Piceno
33%
65.575 Campania Castellammare di Stabia
33%
89.671 Lazio Guidonia Montecelio
33%
48.822 Puglia Monopoli
33%
76.791 Campania Casoria
32%
60.481 Lombardia Legnano
32%
75.581 Lombardia Cinisello Balsamo
31%
37.119 Marche Fermo
31%
57.059 Umbria Foligno
31%
59.291 Puglia Molfetta
31%
40.862 Trentino-Alto Adige/Südtirol Merano
30%
37.855 Umbria Spoleto
30%
52.065 Sicilia Acireale
29%
43.931 Sardegna Alghero
29%
54.626 Puglia Bitonto
29%
49.259 Veneto Chioggia
29%
58.813 Campania Acerra
28%
54.714 Sicilia Bagheria
28%
54.268 Sicilia Modica
28%
39.972 Trentino-Alto Adige/Südtirol Rovereto
28%
51.055 Campania Battipaglia
27%
55.251 Puglia Bisceglie
27%
52.426 Puglia San Severo
27%
58.635 Puglia Cerignola
26%
43.412 Veneto Bassano del Grappa
25%
53.339 Lombardia Gallarate
25%
51.553 Sicilia Mazara del Valle
25%
42.302 Campania Torre Annunziata
25%
77.128 Calabria Corigliano-Rossano
24%
39.969 Marche Jesi
24%
57.527 Piemonte Moncalieri
24%
38.963 Lazio Ciampino
23%
54.258 Abruzzo Montesilvano
23%
54.045 Campania Portici
23%
48.542 Piemonte Rivoli
23%
50.551 Toscana Scandicci
23%
42.486 Abruzzo Avezzano
22%
49.995 Lazio Nettuno
22%
45.608 Campania Nocera Inferiore
22%
47.330 Marche San Benedetto del Tronto
22%
41.489 Abruzzo Vasto
22%
36.612 Lazio Cassino
21%
52.931 Campania Cava de' Tirreni
21%
53.250 Lazio Velletri
21%
39.984 Campania Eboli
20%
44.620 Marche Senigallia
20%
49.331 Toscana Sesto Fiorentino
20%
35.872 Sicilia Augusta
19%
40.007 Lombardia Cantù
19%
60.163 Campania Marano di Napoli
19%
38.884 Sicilia Monreale
19%
36.119 Piemonte Pinerolo
19%
46.999 Piemonte Settimo Torinese
19%
35.474 Emilia-Romagna Cento
18%
35.231 Veneto Conegliano
18%
38.105 Lazio Formia
18%
36.505 Sicilia Licata
18%
39.415 Lombardia Saronno
18%
45.800 Lazio Terracina
18%
38.421 Veneto Mira
17%
42.430 Lombardia Rozzano
17%
40.341 Sicilia Sciacca
17%
45.190 Sicilia Alcamo
16%
41.942 Lombardia Desio
16%
44.981 Lazio Marino
16%
48.510 Puglia Martina Franca
16%
50.037 Sicilia Misterbianco
16%
47.494 Piemonte Nichelino
16%
47.600 Sicilia Paternò
16%
41.351 Campania Quarto
16%
41.843 Veneto San Donà di Piave
16%
44.985 Lombardia Seregno
16%
37.883 Sicilia Caltagirone
15%
36.958 Piemonte Chieri
15%
42.476 Marche Civitanova Marche
15%
36.143 Puglia Francavilla Fontana
15%
41.584 Lazio Ladispoli
15%
46.017 Lombardia Lissone
15%
50.516 Campania Scafati
15%
39.162 Veneto Schio
15%
39.365 Lombardia Voghera
15%
40.980 Lazio Albano Laziale
14%
49.750 Lazio Ardea
14%
41.221 Sicilia Barcellona Pozzo di Gotto
14%
35.778 Sicilia Canicattì
14%
47.682 Lombardia Cologno Monzese
14%
39.826 Lazio Fondi
14%
38.203 Puglia Modugno
14%
41.287 Lazio Monterotondo
14%
36.564 Lombardia Bollate
13%
39.439 Umbria Città di Castello
13%
39.826 Puglia Fasano
13%
38.915 Campania Maddaloni
13%
39.576 Campania Marcianise
13%
35.538 Campania Pagani
13%
35.526 Calabria Rende
13%
35.935 Lombardia Segrate
13%
39.049 Sicilia Carini
12%
49.686 Piemonte Collegno
12%
48.233 Puglia Corato
12%
43.816 Puglia Gravina in Puglia
12%
37.554 Campania Caivano
11%
36.512 Emilia-Romagna Casalecchio di Reno
11%
45.059 Toscana Cascina
11%
37.130 Lazio Cisterna di Latina
11%
39.637 Campania Pomigliano d'Arco
11%
44.688 Campania San Giorgio a Cremano
11%
35.430 Sicilia Adrano
10%
37.903 Campania Melito di Napoli
10%
38.537 Lombardia San Giuliano Milanese
10%
47.141 Toscana Campi Bisenzio
9%
46.216 Toscana Capannori
9%
46.306 Lombardia Paderno Dugnano
9%
37.002 Lombardia Pioltello
9%
48.985 Campania Casalnuovo di Napoli
8%
38.083 Lazio Cerveteri
8%
39.150 Lombardia Cesano Maderno
8%
37.592 Piemonte Grugliasco
7%
No matching quizzes found
Score Distribution
Percent of People with Each Score
Percentile by Number Answered
Your Score History
You have not taken this quiz